Statistiques concernant Harry Potter: la Chambre des Secrets

Cliquez ici pour prendre le quiz!

Statistiques générales

  • Ce quiz a été pris 154 fois
  • Le résultat moyen est 5 sur 8

Statistiques - réponses

InformationRéponses% Correct
Première apparitionHarry Potter et la Chambre des Secrets
95%
FondateurSalazar Serpentard
94%
RésidentBasilic
90%
Moyen d'entrerDire "ouvre toi' en Fourchelang
79%
Dernière apparitionHarry Potter et les Reliques de la Mort
59%
EntréeToilettes des filles
58%
Emplacement selon McGonagallCaché sous Poudlard
42%
DescriptionSalle humide, lumière verdâtre, piliers en forme de serpents, statue de Salazar Serpentard
18%

Distribution des résultats

Percentile par nombre de réponses

% des personnes avec chaque résultat

Votre développement - résultats

Vous n’avez pas pris ce quiz